[Event "Mittelfrankenliga 05/06 (B1)"]
[Site "Mfr.2005/06-R7"]
[Date "2006.03.19"]
[Round "7.3"]
[White "Manthey, Frank"]
[Black "Steger, Otmar"]
[Result "0-1"]
[WhiteElo "2018"]
[BlackElo "1984"]
[Annotator "Nbg.1911/1-Schwanstetten1"]
[PlyCount "60"]
[EventDate "2006.03.19"]
[SourceDate "2005.10.17"]

1. e4 d5 2. exd5 Qxd5 3. Nc3 Qd8 4. Bc4 c6 5. Nf3 Nf6 6. Qe2 Bf5 7. d3 e6 8.
Nh4 Bg4 9. f3 Bh5 10. Nf5 Bg6 11. Bxe6 fxe6 12. Qxe6+ Be7 13. Nxg7+ Kf8 14. Bh6
Ng8 15. Qe3 Kf7 16. Qf4+ Nf6 17. g4 Qd6 18. Qc4+ Nd5 19. O-O-O Bxd3 20. Rxd3
Qxh6+ 21. Kb1 Kxg7 22. Nxd5 cxd5 23. Rxd5 Nc6 24. Rd7 Rhd8 25. Rxb7 Qd2 26. b3
Rac8 27. Qe4 Rd7 28. Rxd7 Qxd7 29. Re1 Ba3 30. Qa4 Re8 0-1

[Event "Mittelfrankenliga 05/06 (B1)"]
[Site "Mfr.2005/06-R7"]
[Date "2006.03.19"]
[Round "7.4"]
[White "Augustin, Achim"]
[Black "Arlt, Michael"]
[Result "0-1"]
[WhiteElo "1948"]
[BlackElo "1944"]
[Annotator "Nbg.1911/1-Schwanstetten1"]
[PlyCount "104"]
[EventDate "2006.03.19"]
[SourceDate "2005.10.17"]

1. d4 d5 2. Bg5 Nd7 3. e3 Ngf6 4. Bxf6 Nxf6 5. Bd3 e6 6. Nd2 Be7 7. f4 c5 8. c3
Qb6 9. Rb1 Bd7 10. Qe2 c4 11. Bc2 Qa5 12. a3 Ba4 13. Bxa4+ Qxa4 14. Ngf3 b5 15.
Ne5 Qc2 16. O-O Ne4 17. Nef3 Nxd2 18. Nxd2 O-O 19. Rfc1 Qa4 20. e4 Bf6 21. g4
dxe4 22. Qxe4 Rfe8 23. g5 Be7 24. Rf1 Rad8 25. Rf3 Qa6 26. Rh3 g6 27. Qe1 Qd6
28. Qh4 h5 29. Ne4 Qc6 30. Nf6+ Bxf6 31. gxf6 Rd5 32. Re1 Rf5 33. Re5 Qd6 34.
Rhe3 Qd8 35. Rxf5 exf5 36. Re5 a6 37. Rxf5 Re6 38. Re5 Rxf6 39. Qe1 Kg7 40. Qe4
Qd7 41. Qf3 a5 42. Kf2 b4 43. axb4 axb4 44. Ke3 Qa4 45. Qe2 bxc3 46. bxc3 Qb3
47. Qd2 Ra6 48. d5 Ra1 49. f5 Rd1 50. f6+ Kxf6 51. Qf2+ Kg7 52. Re7 Qxc3+ 0-1

[Event "Mittelfrankenliga 05/06 (B1)"]
[Site "Mfr.2005/06-R7"]
[Date "2006.03.19"]
[Round "7.5"]
[White "Cipra, Lothar"]
[Black "Wissmeier, Bernd"]
[Result "1/2-1/2"]
[WhiteElo "1908"]
[BlackElo "1910"]
[Annotator "Nbg.1911/1-Schwanstetten1"]
[PlyCount "120"]
[EventDate "2006.03.19"]
[SourceDate "2005.10.17"]

1. d4 Nf6 2. c4 e5 3. dxe5 Ng4 4. Nf3 Nc6 5. e3 Ngxe5 6. Nbd2 g6 7. Be2 Bg7 8.
O-O O-O 9. a3 d6 10. Nd4 Re8 11. N2f3 Nxf3+ 12. Bxf3 Ne5 13. Be2 Qe7 14. Ra2 f5
15. b4 a5 16. bxa5 Rxa5 17. Bd2 Ra8 18. Bc3 b6 19. Qb3 Kh8 20. a4 Bd7 21. Rd1
h6 22. a5 bxa5 23. Rxa5 Rab8 24. Qc2 Nc6 25. Nxc6 Bxc6 26. Bxg7+ Kxg7 27. Bd3
Be4 28. h3 Qf6 29. Rb5 Ra8 30. Bxe4 Rxe4 31. Rb7 Re7 32. c5 Ra6 33. Qc4 Rc6 34.
Rb8 Rf7 35. Rd5 dxc5 36. Rdd8 Qa1+ 37. Kh2 Qe5+ 38. g3 Kf6 39. Qh4+ Kg7 40.
Rg8+ Kh7 41. Qd8 g5 42. Rh8+ Kg6 43. Rg8+ Kh7 44. Re8 Qf6 45. Re7 Qg7 46. Rxf7
Qxf7 47. Qh8+ Kg6 48. Rg8+ Kh5 49. g4+ fxg4 50. Rf8 Qe6 51. hxg4+ Kxg4 52. Kg2
Rd6 53. Qb2 Qd5+ 54. Kh2 Qd1 55. Qe5 Kh5 56. Qxc5 Qg4 57. Rf4 Qe6 58. Qb5 Kg6
59. Qb1+ Kh5 60. Qb5 Kg6 1/2-1/2

[Event "Mittelfrankenliga 05/06 (B1)"]
[Site "Mfr.2005/06-R7"]
[Date "2006.03.19"]
[Round "7.6"]
[White "Weinmann, Stefan"]
[Black "Vogt, Peter[62]"]
[Result "1/2-1/2"]
[WhiteElo "1991"]
[BlackElo "1870"]
[Annotator "Nbg.1911/1-Schwanstetten1"]
[PlyCount "50"]
[EventDate "2006.03.19"]
[SourceDate "2005.10.17"]

1. d4 c5 2. d5 e5 3. e4 d6 4. Nf3 a6 5. a4 f5 6. Na3 Nf6 7. Nd2 g6 8. a5 Bg7 9.
Bd3 O-O 10. Nac4 fxe4 11. Bxe4 Qc7 12. Nb6 Ra7 13. Qe2 Bf5 14. O-O Bxe4 15.
Nxe4 Nbd7 16. Nc4 Nxe4 17. Qxe4 Nf6 18. Qd3 Qf7 19. Ne3 Raa8 20. c4 Rae8 21.
Qe2 e4 22. Rb1 Nh5 23. g3 Bd4 24. Ng2 Be5 25. Bh6 Ng7 1/2-1/2

[Event "Mittelfrankenliga 05/06 (B1)"]
[Site "Mfr.2005/06-R7"]
[Date "2006.03.19"]
[Round "7.7"]
[White "Kotissek, Ulrich"]
[Black "Pannek, Matthias"]
[Result "1/2-1/2"]
[WhiteElo "1884"]
[BlackElo "1953"]
[Annotator "Nbg.1911/1-Schwanstetten1"]
[PlyCount "126"]
[EventDate "2006.03.19"]
[SourceDate "2005.10.17"]

1. d4 d5 2. Nf3 Nf6 3. g3 g6 4. Bg2 Bg7 5. O-O O-O 6. Bf4 Bf5 7. Nbd2 Nh5 8.
Be3 Nc6 9. c3 Qd7 10. Re1 Nf6 11. Bf4 Ne4 12. Nh4 Rac8 13. Nxf5 gxf5 14. f3
Nxd2 15. Qxd2 e6 16. e4 Ne7 17. Bh6 fxe4 18. fxe4 c6 19. Qg5 Ng6 20. Bxg7 Kxg7
21. e5 Qe7 22. Qg4 c5 23. h4 Rg8 24. h5 Kh8 25. hxg6 Rxg6 26. Qf4 Rcg8 27. Re3
Rg4 28. Qf2 cxd4 29. cxd4 Qg5 30. Rf3 h5 31. Bh3 Rxg3+ 32. Qxg3 Qxg3+ 33. Rxg3
Rxg3+ 34. Kh2 Rd3 35. Rc1 Rd2+ 36. Kg3 Rxb2 37. Rc7 Kg8 38. Kh4 a5 39. Kg5 Kf8
40. Rc8+ Ke7 41. Rc7+ Kf8 42. a4 b6 43. Bf1 h4 44. Kxh4 Rb4 45. Bb5 Rxd4+ 46.
Kg5 Re4 47. Kf6 Rf4+ 48. Kg5 Re4 49. Kf6 Rf4+ 50. Kg5 Rf5+ 51. Kg4 Rxe5 52.
Rc8+ Kg7 53. Rc6 Re3 54. Rxb6 d4 55. Rd6 Re4+ 56. Kg5 f6+ 57. Kh5 f5 58. Bd3
Re3 59. Rxd4 Kf6 60. Kh4 Ke5 61. Rd7 Kf4 62. Rd4+ Ke5 63. Rd7 Kf4 1/2-1/2

[Event "Mittelfrankenliga 05/06 (B1)"]
[Site "Mfr.2005/06-R7"]
[Date "2006.03.19"]
[Round "7.8"]
[White "Leising, Thomas"]
[Black "Arlt, Birgit"]
[Result "1-0"]
[WhiteElo "1918"]
[BlackElo "1683"]
[Annotator "Nbg.1911/1-Schwanstetten1"]
[PlyCount "85"]
[EventDate "2006.03.19"]
[SourceDate "2005.10.17"]

1. Nf3 d5 2. d4 Nf6 3. e3 b6 4. Bd3 Bb7 5. O-O e6 6. Nbd2 Nbd7 7. Ne5 Nxe5 8.
dxe5 Nd7 9. f4 g6 10. c3 Bg7 11. Nf3 O-O 12. b3 c5 13. Ng5 h6 14. Nf3 Qc7 15.
c4 Rad8 16. Qe2 a6 17. cxd5 Bxd5 18. Bxa6 Nb8 19. Bc4 Be4 20. Bb2 Nc6 21. Rfd1
Nb4 22. a3 Nc6 23. Nd2 Bd5 24. e4 Bxc4 25. Nxc4 Na7 26. g3 Rfe8 27. Rxd8 Rxd8
28. Rd1 b5 29. Rxd8+ Qxd8 30. Qd2 Qa8 31. Nd6 Qc6 32. Kf2 Qb6 33. Qe3 Bf8 34.
b4 Bxd6 35. exd6 Qxd6 36. bxc5 Qd7 37. Qc3 f5 38. Qh8+ Kf7 39. Qg7+ Ke8 40.
Qg8+ Ke7 41. Bf6+ Kxf6 42. Qf8+ Qf7 43. e5# 1-0

[Event "Mittelfrankenliga 05/06 (B2a)"]
[Site "Mfr.2005/06-R7"]
[Date "2006.03.19"]
[Round "7.1"]
[White "Nickmann, Peter"]
[Black "Kuhlmann, Christoph,Dr."]
[Result "0-1"]
[WhiteElo "1924"]
[BlackElo "2097"]
[Annotator "Lauf1-SF Fürth2"]
[PlyCount "38"]
[EventDate "2006.03.19"]
[SourceDate "2005.10.17"]

1. e4 c5 2. Nf3 a6 3. d4 cxd4 4. Nxd4 Nf6 5. Nc3 e5 6. Nb3 Bb4 7. Bg5 Qc7 8.
Bd3 Bxc3+ 9. bxc3 Qxc3+ 10. Nd2 d6 11. O-O Be6 12. Bxf6 gxf6 13. f4 exf4 14.
Nf3 Nd7 15. Qd2 Qxd2 16. Nxd2 Rc8 17. Rxf4 Ke7 18. Nf3 Ne5 19. a4 Ng6 0-1

[Event "Mittelfrankenliga 05/06 (B2a)"]
[Site "Mfr.2005/06-R7"]
[Date "2006.03.19"]
[Round "7.2"]
[White "Hauernherm-Thoma, Wolfgang"]
[Black "Koschka, Robert"]
[Result "1-0"]
[WhiteElo "2071"]
[BlackElo "1834"]
[Annotator "Lauf1-SF Fürth2"]
[PlyCount "87"]
[EventDate "2006.03.19"]
[SourceDate "2005.10.17"]

1. Nf3 g6 2. d4 d5 3. e3 Bg7 4. Bd3 Bg4 5. h3 Bxf3 6. Qxf3 c5 7. dxc5 e5 8. O-O
Nc6 9. Bb5 e4 10. Qe2 a6 11. Bxc6+ bxc6 12. Nd2 f5 13. Nb3 Ne7 14. Nd4 Qd7 15.
b4 O-O 16. c3 g5 17. a4 f4 18. Qg4 Qxg4 19. hxg4 f3 20. Bd2 fxg2 21. Kxg2 Bxd4
22. cxd4 Ng6 23. f4 exf3+ 24. Kg3 Nh4 25. Ra3 Rab8 26. Rb3 Rb7 27. e4 dxe4 28.
Bxg5 Ng2 29. b5 axb5 30. axb5 cxb5 31. c6 Rc7 32. d5 Rb8 33. Bf4 Nxf4 34. Kxf4
Re8 35. Rxb5 Rf7+ 36. Ke3 Rc7 37. Rc5 Rd8 38. Kxe4 Re7+ 39. Kxf3 Rf8+ 40. Kg2
Re2+ 41. Kg1 Rc8 42. d6 Rd2 43. d7 Rc7 44. Rg5+ 1-0

[Event "Mittelfrankenliga 05/06 (B2a)"]
[Site "Mfr.2005/06-R7"]
[Date "2006.03.19"]
[Round "7.3"]
[White "Koerber, Thomas"]
[Black "Puschak, Oliver"]
[Result "1-0"]
[WhiteElo "1920"]
[BlackElo "1918"]
[Annotator "Lauf1-SF Fürth2"]
[PlyCount "63"]
[EventDate "2006.03.19"]
[SourceDate "2005.10.17"]

1. e4 c5 2. Nf3 e6 3. d3 Nc6 4. g3 d5 5. Nbd2 Nf6 6. Bg2 dxe4 7. dxe4 e5 8. O-O
Bg4 9. c3 Be7 10. Qc2 O-O 11. Nc4 Qc7 12. a4 Rad8 13. Ne3 Be6 14. Ng5 Bc8 15.
Nd5 Qb8 16. f4 h6 17. Nf3 Nxd5 18. exd5 Rxd5 19. Nxe5 Rd6 20. Nc4 Rdd8 21. Be3
Be6 22. Nd2 Qc8 23. f5 Bd5 24. Ne4 Ne5 25. f6 Bxe4 26. Qxe4 Bxf6 27. Rxf6 gxf6
28. Bxh6 Rfe8 29. Qh4 Rd6 30. Bf4 Qg4 31. Qxg4+ Nxg4 32. Bxd6 1-0

[Event "Mittelfrankenliga 05/06 (B2a)"]
[Site "Mfr.2005/06-R7"]
[Date "2006.03.19"]
[Round "7.4"]
[White "Petersammer, Georg"]
[Black "Beck, Gerhard[46]"]
[Result "1-0"]
[WhiteElo "1970"]
[BlackElo "1935"]
[Annotator "Lauf1-SF Fürth2"]
[PlyCount "53"]
[EventDate "2006.03.19"]
[SourceDate "2005.10.17"]

1. e4 c5 2. Bc4 Nc6 3. Nf3 e6 4. O-O Nf6 5. e5 Ng4 6. Re1 Qc7 7. Qe2 d5 8. Bb5
Be7 9. d4 Bd7 10. c3 h5 11. Nbd2 O-O-O 12. Nf1 Nh6 13. Ng5 Rdf8 14. Bxc6 Qxc6
15. Ng3 h4 16. Nf1 Nf5 17. Nf3 Rfg8 18. Ne3 g5 19. Ng4 Kb8 20. h3 Qb6 21. Be3
Nxe3 22. fxe3 Rg6 23. a4 Rf8 24. Qc2 Be8 25. Rf1 f5 26. exf6 Bxf6 27. Nfe5 1-0

[Event "Mittelfrankenliga 05/06 (B2a)"]
[Site "Mfr.2005/06-R7"]
[Date "2006.03.19"]
[Round "7.5"]
[White "Vinokur, Mykhaylo"]
[Black "Zach, Andreas[59]"]
[Result "1/2-1/2"]
[WhiteElo "1787"]
[BlackElo "1879"]
[Annotator "Lauf1-SF Fürth2"]
[PlyCount "89"]
[EventDate "2006.03.19"]
[SourceDate "2005.10.17"]

1. e4 d5 2. exd5 Nf6 3. Bb5+ Bd7 4. Bc4 c6 5. dxc6 Nxc6 6. Nf3 e5 7. d3 Bd6 8.
Bg5 O-O 9. Nbd2 Bg4 10. h3 Bf5 11. Nh4 Bd7 12. Ne4 Be7 13. Nxf6+ Bxf6 14. Bxf6
Qxf6 15. Nf3 Rad8 16. Qe2 Rfe8 17. O-O-O Na5 18. Nd2 Nxc4 19. dxc4 Qa6 20. a3
b5 21. cxb5 Bxb5 22. Qe3 Rc8 23. Kb1 f5 24. Rc1 Bd7 25. Nb3 f4 26. Qd3 Qb7 27.
Rhd1 Be6 28. f3 Qf7 29. Nd2 Red8 30. Qe2 Qc7 31. Ne4 Rd4 32. Rxd4 exd4 33. Nf6+
Kf7 34. Ne4 Bc4 35. Qd2 d3 36. c3 Rb8 37. Ka1 Kg8 38. Re1 Qb6 39. Qc1 Bf7 40.
Nd2 Qf2 41. Rg1 a5 42. Ne4 Qb6 43. Rd1 Bc4 44. Nd2 Bf7 45. Ne4 1/2-1/2

[Event "Mittelfrankenliga 05/06 (B2a)"]
[Site "Mfr.2005/06-R7"]
[Date "2006.03.19"]
[Round "7.6"]
[White "Winkler, Marcus[78]"]
[Black "Buchta, Juergen"]
[Result "0-1"]
[WhiteElo "1812"]
[BlackElo "1763"]
[Annotator "Lauf1-SF Fürth2"]
[PlyCount "122"]
[EventDate "2006.03.19"]
[SourceDate "2005.10.17"]

1. c4 Nf6 2. Nc3 g6 3. Nf3 d6 4. g3 Bg7 5. Bg2 c6 6. O-O O-O 7. d3 e5 8. Rb1
Nbd7 9. b4 a5 10. b5 c5 11. Ne1 Nb6 12. Qb3 Qc7 13. Nc2 Be6 14. Ne3 Rfe8 15.
Bd2 h5 16. Ncd5 Bxd5 17. cxd5 Bh6 18. a4 e4 19. Bc3 Nfd7 20. dxe4 Bxe3 21. fxe3
c4 22. Qc2 Nc5 23. Ra1 Nb3 24. Ra2 Qc5 25. Bd4 Nxd4 26. exd4 Qxd4+ 27. Kh1 Nd7
28. Qd2 Qxd2 29. Rxd2 Nc5 30. Rd4 Nxa4 31. Rxc4 Nc5 32. Rf6 Rad8 33. e3 Kg7 34.
Rf2 b6 35. Kg1 Re5 36. Rd2 Rde8 37. Rdd4 g5 38. Kf2 f5 39. Bf3 g4 40. Bg2 fxe4
41. Ke1 Kg6 42. Ke2 Kg5 43. Rd1 a4 44. Rdd4 a3 45. Rc2 Ra8 46. Ra2 Ra5 47. Rdd2
Nb3 48. Rd1 Ra4 49. Rb1 Na5 50. Rd1 Nc4 51. Rd4 Rb4 52. Rxe4 Rxe4 53. Bxe4 Rxb5
54. Kd3 Rc5 55. Bg2 b5 56. e4 b4 57. Kc2 Na5+ 58. Kb1 Rc3 59. Re2 Nc4 60. Bf1
b3 61. Rf2 a2+ 0-1

[Event "Mittelfrankenliga 05/06 (B2a)"]
[Site "Mfr.2005/06-R7"]
[Date "2006.03.19"]
[Round "7.7"]
[White "Holzschuh, Tobias"]
[Black "Voack, Rudolf"]
[Result "1-0"]
[WhiteElo "1652"]
[BlackElo "1714"]
[Annotator "Lauf1-SF Fürth2"]
[PlyCount "81"]
[EventDate "2006.03.19"]
[SourceDate "2005.10.17"]

1. d4 d5 2. Nf3 Bg4 3. Ne5 Bh5 4. g3 Nd7 5. Nd3 Ngf6 6. Bg2 e6 7. Nd2 Bd6 8.
O-O Qe7 9. c4 c6 10. Re1 O-O-O 11. Qa4 Kb8 12. c5 Bc7 13. b4 a6 14. Bb2 Bg6 15.
Qb3 h5 16. h4 Ng4 17. a4 Bxd3 18. exd3 Qf6 19. Nf3 e5 20. b5 axb5 21. axb5 cxb5
22. Qxb5 Qc6 23. Qb3 Rhe8 24. Ng5 exd4 25. Rxe8 Rxe8 26. Bxd5 Nxc5 27. Bxc6
Nxb3 28. Bxe8 Nxa1 29. Bxa1 f6 30. Ne6 Ne5 31. Nxc7 Kxc7 32. Bb5 Kb6 33. Be8
Nxd3 34. Bxd4+ Ka5 35. Bxh5 b5 36. Bd1 b4 37. Kf1 Nc1 38. Bb2 Nd3 39. Ba1 Kb6
40. Bc2 Nc1 41. Bb2 1-0

[Event "Mittelfrankenliga 05/06 (B2a)"]
[Site "Mfr.2005/06-R7"]
[Date "2006.03.19"]
[Round "7.8"]
[White "Schuhmann, Benedict"]
[Black "Bruckner, Paul"]
[Result "1/2-1/2"]
[WhiteElo "1286"]
[BlackElo "1530"]
[Annotator "Lauf1-SF Fürth2"]
[PlyCount "107"]
[EventDate "2006.03.19"]
[SourceDate "2005.10.17"]

1. e4 c5 2. Nf3 d6 3. d4 cxd4 4. Nxd4 Nf6 5. Nc3 a6 6. Bd3 e6 7. Bg5 Be7 8. O-O
Qb6 9. Nb3 Nc6 10. Re1 O-O 11. Qf3 Ne5 12. Qe3 Qxe3 13. Rxe3 h6 14. Bh4 b5 15.
Rd1 Bb7 16. a3 Rad8 17. Na5 Ba8 18. a4 Nxd3 19. Rdxd3 bxa4 20. Nxa4 g5 21. e5
Ng4 22. exd6 Bxd6 23. Rg3 Bxg3 24. Bxg3 Rxd3 25. cxd3 Rd8 26. h3 Nf6 27. Nb6
Bd5 28. Be5 Nd7 29. Bc7 Nxb6 30. Bxd8 Na4 31. b4 Nb2 32. d4 Kf8 33. Bb6 Nd3 34.
Bc5+ Kg7 35. Kf1 Nf4 36. f3 f5 37. Bd6 Ng6 38. Ke2 Nh4 39. Kf2 h5 40. Bg3 Ng6
41. Ke2 f4 42. Be1 g4 43. hxg4 hxg4 44. fxg4 Bxg2 45. Nb3 Bd5 46. Nc5 Bc4+ 47.
Kf3 Kf6 48. Bd2 e5 49. Nd7+ Ke6 50. Nxe5 Bd5+ 51. Kf2 Nxe5 52. dxe5 Kxe5 53. g5
f3 54. Be3 1/2-1/2

[Event "Mittelfrankenliga 05/06 (B2a)"]
[Site "Mfr.2005/06-R7"]
[Date "2006.03.19"]
[Round "7.1"]
[White "Auer, Guenther"]
[Black "Lausen, Berthold,Dr."]
[Result "1/2-1/2"]
[WhiteElo "2009"]
[BlackElo "1960"]
[Annotator "SG/TB Erlangen2-Altensittenbach2"]
[PlyCount "62"]
[EventDate "2006.03.19"]
[SourceDate "2005.10.17"]

1. d4 c6 2. Nf3 Nf6 3. e3 d5 4. Bd3 Bg4 5. c4 e6 6. Nbd2 Nbd7 7. Qb3 dxc4 8.
Bxc4 Nb6 9. Bd3 Qd5 10. e4 Qxb3 11. Nxb3 Bb4+ 12. Ke2 O-O 13. a3 Be7 14. Na5
Rfd8 15. Be3 Rd7 16. Bc2 Ne8 17. h3 Bxf3+ 18. gxf3 Nd6 19. Bd3 Nb5 20. Bxb5
cxb5 21. Rac1 Bf6 22. Rhd1 Rad8 23. Rc5 b4 24. axb4 Be7 25. Rb5 Rc8 26. Rd2 Rc1
27. d5 exd5 28. exd5 Nc4 29. Nxc4 Rxc4 30. Bxa7 Bxb4 31. Kd3 Bxd2 1/2-1/2

[Event "Mittelfrankenliga 05/06 (B2a)"]
[Site "Mfr.2005/06-R7"]
[Date "2006.03.19"]
[Round "7.2"]
[White "Weiss, Markus[86]"]
[Black "Roesel, Gert"]
[Result "1-0"]
[WhiteElo "1921"]
[BlackElo "1889"]
[Annotator "SG/TB Erlangen2-Altensittenbach2"]
[PlyCount "61"]
[EventDate "2006.03.19"]
[SourceDate "2005.10.17"]

1. d4 Nf6 2. c4 e6 3. Nc3 Bb4 4. a3 Bxc3+ 5. bxc3 c5 6. f3 d6 7. e4 e5 8. d5
O-O 9. Bd3 Qa5 10. Ne2 Bd7 11. Rb1 Ba4 12. Qd2 Qa6 13. O-O Nbd7 14. Qg5 Nb6 15.
Ng3 Ne8 16. f4 f6 17. Qg4 Nd7 18. Nf5 b6 19. Ne7+ Kh8 20. Qh5 Nc7 21. Ng6+ Kg8
22. Nxf8 Rxf8 23. Qg4 Qa5 24. Bd2 Re8 25. Rf3 exf4 26. Bxf4 Ne5 27. Bxe5 Rxe5
28. Rxf6 Qxc3 29. Rbf1 Re8 30. Rf7 g6 31. Qh3 1-0

[Event "Mittelfrankenliga 05/06 (B2a)"]
[Site "Mfr.2005/06-R7"]
[Date "2006.03.19"]
[Round "7.3"]
[White "Endres, Christian"]
[Black "Albrecht, Thorsten"]
[Result "0-1"]
[WhiteElo "1736"]
[BlackElo "1964"]
[Annotator "SG/TB Erlangen2-Altensittenbach2"]
[PlyCount "44"]
[EventDate "2006.03.19"]
[SourceDate "2005.10.17"]

1. Nf3 f5 2. e4 fxe4 3. Ng5 d5 4. d3 Qd6 5. dxe4 h6 6. Qh5+ g6 7. Qh4 Bg7 8.
Nf3 Bf6 9. Qg3 Qxg3 10. hxg3 dxe4 11. Nfd2 Bf5 12. Bc4 e3 13. fxe3 Bxc2 14.
Bxg8 Rxg8 15. Rxh6 Nd7 16. Nf3 O-O-O 17. Nc3 Nc5 18. Ke2 Ne4 19. Nxe4 Bxe4 20.
a4 Rd6 21. Ra3 Rgd8 22. Rh1 Rc6 0-1

[Event "Mittelfrankenliga 05/06 (B2a)"]
[Site "Mfr.2005/06-R7"]
[Date "2006.03.19"]
[Round "7.4"]
[White "Jillek, Werner,Dr."]
[Black "Ammon, Tobias"]
[Result "1/2-1/2"]
[WhiteElo "1906"]
[BlackElo "1735"]
[Annotator "SG/TB Erlangen2-Altensittenbach2"]
[PlyCount "41"]
[EventDate "2006.03.19"]
[SourceDate "2005.10.17"]

1. f4 e5 2. fxe5 d6 3. exd6 Bxd6 4. Nf3 g5 5. g3 g4 6. Nh4 Ne7 7. d4 Ng6 8.
Nxg6 hxg6 9. Qd3 Bf5 10. e4 Qe7 11. Bg2 Nc6 12. O-O Nxd4 13. Be3 Nf3+ 14. Bxf3
gxf3 15. exf5 O-O-O 16. f6 Qxf6 17. Qe4 Rde8 18. Qg4+ Qe6 19. Qxe6+ Rxe6 20.
Rxf3 Rxe3 21. Rxe3 1/2-1/2

[Event "Mittelfrankenliga 05/06 (B2a)"]
[Site "Mfr.2005/06-R7"]
[Date "2006.03.19"]
[Round "7.5"]
[White "Walter, Bernd[75]"]
[Black "Staehle, Philipp"]
[Result "0-1"]
[WhiteElo "1675"]
[BlackElo "1814"]
[Annotator "SG/TB Erlangen2-Altensittenbach2"]
[PlyCount "72"]
[EventDate "2006.03.19"]
[SourceDate "2005.10.17"]

1. d4 d5 2. c4 e6 3. Nc3 Nf6 4. Bg5 Be7 5. Nf3 h6 6. Bh4 O-O 7. e3 b6 8. cxd5
exd5 9. Bd3 c5 10. dxc5 bxc5 11. Bb5 Be6 12. O-O Nbd7 13. b3 Rb8 14. Bg3 Rb6
15. Qe2 Nb8 16. Na4 Rb7 17. Rac1 Qa5 18. Nc3 Ne4 19. Nxd5 Bxd5 20. Bc4 Bxc4 21.
Rxc4 Rb4 22. Bxb8 Rfxb8 23. Ne5 Qc7 24. Qh5 Bf6 25. Ng4 Rxc4 26. bxc4 Qe7 27.
f3 Ng5 28. h4 Ne6 29. g3 Rb2 30. e4 Bd4+ 31. Kh1 Rxa2 32. e5 Ra3 33. Kg2 Rc3
34. f4 Qb7+ 35. Kh3 Qh1+ 36. Rxh1 Nxf4+ 0-1

[Event "Mittelfrankenliga 05/06 (B2a)"]
[Site "Mfr.2005/06-R7"]
[Date "2006.03.19"]
[Round "7.6"]
[White "Heumueller, Marc"]
[Black "Schoemig, Anton"]
[Result "0-1"]
[WhiteElo "1818"]
[BlackElo "1866"]
[Annotator "SG/TB Erlangen2-Altensittenbach2"]
[PlyCount "76"]
[EventDate "2006.03.19"]
[SourceDate "2005.10.17"]

1. d4 Nf6 2. c4 e5 3. dxe5 Ng4 4. e4 Nxe5 5. f4 Ng6 6. Be3 Bb4+ 7. Nd2 Qe7 8.
Qc2 Nc6 9. Ngf3 Bc5 10. Qc3 Bxe3 11. Qxe3 O-O 12. a3 d6 13. Bd3 Qf6 14. g3 Qxb2
15. O-O Qb6 16. Rfe1 Qxe3+ 17. Rxe3 Bg4 18. Rb1 Rab8 19. h4 Bxf3 20. Nxf3 b6
21. h5 Nge7 22. Kf2 h6 23. g4 g6 24. Rh1 Kg7 25. g5 Rh8 26. hxg6 hxg5 27. Rg1
gxf4 28. gxf7+ Kxf7 29. Ng5+ Ke8 30. Rf3 Ne5 31. Bf1 Nxf3 32. Kxf3 Kd7 33. Bh3+
Kc6 34. Be6 Rbf8 35. Nh3 Rf6 36. Bg4 Ng6 37. Bf5 Ne5+ 38. Ke2 Rxf5 0-1

[Event "Mittelfrankenliga 05/06 (B2a)"]
[Site "Mfr.2005/06-R7"]
[Date "2006.03.19"]
[Round "7.7"]
[White "Bayer, Willi"]
[Black "Hetzner, Andreas"]
[Result "1-0"]
[WhiteElo "1610"]
[BlackElo "1777"]
[Annotator "SG/TB Erlangen2-Altensittenbach2"]
[PlyCount "69"]
[EventDate "2006.03.19"]
[SourceDate "2005.10.17"]

1. d4 d5 2. e3 Nf6 3. Bd3 e6 4. c3 c5 5. Nd2 c4 6. Bc2 b5 7. a3 Qa5 8. Rb1 Bb7
9. f4 Nc6 10. Ngf3 Ng4 11. Qe2 Qd8 12. O-O f5 13. h3 Nf6 14. Ne5 Nxe5 15. fxe5
Ne4 16. Nxe4 dxe4 17. b3 Bd5 18. b4 h5 19. Bd2 g5 20. g3 Be7 21. Be1 Bc6 22.
Ra1 a5 23. Qd1 a4 24. Qe2 Kd7 25. Rd1 Qg8 26. Rd2 Rf8 27. Qd1 f4 28. exf4 gxf4
29. Kh2 f3 30. d5 e3 31. dxc6+ Kc7 32. Rd7+ Kc8 33. Rxe7 Rd8 34. Qxf3 Qg5 35.
Qf7 1-0

[Event "Mittelfrankenliga 05/06 (B2a)"]
[Site "Mfr.2005/06-R7"]
[Date "2006.03.19"]
[Round "7.8"]
[White "Orban, Martin"]
[Black "Schoenhoefer, Michael"]
[Result "1-0"]
[WhiteElo "1805"]
[BlackElo "1551"]
[Annotator "SG/TB Erlangen2-Altensittenbach2"]
[PlyCount "45"]
[EventDate "2006.03.19"]
[SourceDate "2005.10.17"]

1. e4 e5 2. Nf3 Nc6 3. d4 exd4 4. Nxd4 Nge7 5. Be3 d6 6. Nc3 a6 7. Bc4 g6 8.
Nxc6 Nxc6 9. Bd4 Nxd4 10. Qxd4 Rg8 11. O-O-O Qg5+ 12. Kb1 Bg7 13. e5 Be6 14.
Nd5 Bxe5 15. Nxc7+ Kd7 16. Nxe6 fxe6 17. Qe4 Rab8 18. Rhe1 Ke7 19. f4 Qxf4 20.
Qxf4 Bxf4 21. Rxe6+ Kd7 22. g3 Be5 23. Rxe5 1-0

[Event "Mittelfrankenliga 05/06 (B2a)"]
[Site "Mfr.2005/06-R7"]
[Date "2006.03.19"]
[Round "7.1"]
[White "Regnat, Markus"]
[Black "Kalender, Benjamin"]
[Result "1-0"]
[WhiteElo "2061"]
[BlackElo "2049"]
[Annotator "Forchheim3-Neumarkt1"]
[PlyCount "105"]
[EventDate "2006.03.19"]
[SourceDate "2005.10.17"]

1. e4 c5 2. Nc3 Nc6 3. Bb5 Nd4 4. f4 a6 5. Be2 g6 6. Nf3 Bg7 7. O-O b5 8. d3
Bb7 9. Nb1 e6 10. c3 Nxe2+ 11. Qxe2 Ne7 12. Nbd2 O-O 13. e5 d6 14. Ne4 dxe5 15.
fxe5 Bxe4 16. Qxe4 Qd5 17. Qe2 Nc6 18. Bf4 Rad8 19. Rad1 Qxa2 20. Bg5 Rd7 21.
Bf6 h6 22. Nd2 Qxb2 23. Qf3 Rc8 24. Bxg7 Kxg7 25. Qf6+ Kh7 26. Ne4 Qe2 27. Kh1
Rf8 28. Nxc5 Rdd8 29. Rfe1 Qg4 30. Ne4 Qf5 31. Qh4 g5 32. Qh5 Nxe5 33. Ng3 Qf6
34. Ne4 Qg6 35. Qh3 g4 36. Qh4 f6 37. Rf1 Nxd3 38. Rd2 Qxe4 39. h3 gxh3 40.
Qxe4+ f5 41. Qxe6 hxg2+ 42. Kxg2 Nf4+ 43. Rxf4 Rxd2+ 44. Rf2 Rxf2+ 45. Kxf2 f4
46. Qxa6 Rf5 47. Kf3 Kg7 48. Qe6 Rg5 49. Kxf4 Kh7 50. Qf6 Rg7 51. Qf5+ Kg8 52.
Qxb5 Rg5 53. Qxg5+ 1-0

[Event "Mittelfrankenliga 05/06 (B2a)"]
[Site "Mfr.2005/06-R7"]
[Date "2006.03.19"]
[Round "7.2"]
[White "Haubold, Martin"]
[Black "Simon, Martin"]
[Result "0-1"]
[WhiteElo "2008"]
[BlackElo "1916"]
[Annotator "Forchheim3-Neumarkt1"]
[PlyCount "48"]
[EventDate "2006.03.19"]
[SourceDate "2005.10.17"]

1. d4 g6 2. Nf3 Bg7 3. Bf4 c5 4. c3 cxd4 5. cxd4 Nf6 6. Nc3 d6 7. e3 O-O 8. h3
Qb6 9. Qd2 Bd7 10. Be2 Nc6 11. O-O Rac8 12. Rac1 Rfd8 13. d5 Na5 14. b3 Qb4 15.
Nd4 Nxd5 16. a3 Qxa3 17. Nxd5 Rxc1 18. Rxc1 e5 19. b4 exf4 20. bxa5 fxe3 21.
Nxe3 Bxd4 22. Nc2 Qb2 23. Qd1 Ba4 24. Bd3 Rc8 0-1

[Event "Mittelfrankenliga 05/06 (B2a)"]
[Site "Mfr.2005/06-R7"]
[Date "2006.03.19"]
[Round "7.3"]
[White "Brunner, Wolfgang"]
[Black "Foerstel, Stefan"]
[Result "1-0"]
[WhiteElo "1925"]
[BlackElo "1823"]
[Annotator "Forchheim3-Neumarkt1"]
[PlyCount "105"]
[EventDate "2006.03.19"]
[SourceDate "2005.10.17"]

1. d4 d5 2. c4 Nc6 3. Nf3 Bg4 4. e3 e5 5. Be2 exd4 6. exd4 Nf6 7. O-O dxc4 8.
Qa4 Rb8 9. Nc3 Be7 10. Ne5 Bd7 11. Qxc4 O-O 12. Nxd7 Qxd7 13. Be3 Rbd8 14. Rad1
Nd5 15. Nxd5 Qxd5 16. Qxd5 Rxd5 17. Bf3 Rd6 18. Rc1 Bf6 19. d5 Ne7 20. Rxc7
Nxd5 21. Bxd5 Rxd5 22. Rxb7 Ra5 23. a3 a6 24. Rd1 Rb5 25. Rxb5 axb5 26. b3 Ra8
27. Bc5 Rc8 28. Be3 Rc3 29. Rc1 Kf8 30. Rxc3 Bxc3 31. Kf1 Ke7 32. Ke2 Kd6 33.
Kd3 Be1 34. Ke4 g6 35. g4 Bc3 36. Bd4 Ba5 37. f4 Bd8 38. Bc3 f6 39. Bb4+ Ke6
40. f5+ gxf5+ 41. gxf5+ Kd7 42. Kd5 Bc7 43. h4 h5 44. Bc3 Ke7 45. Be1 Kd7 46.
Bf2 Bb8 47. Bd4 Ke7 48. Kc6 Bg3 49. Kxb5 Bxh4 50. a4 Be1 51. a5 Kd7 52. a6 Kc7
53. Bxf6 1-0